000 00408cam a2200169 4500
001 D14446
008 090401t1914 xxu||||| |||| 00| 0 eng d
035 _a(Sirsi) u15785
041 _aeng
100 _aWhittaker, Thomas P.
_cSir
245 4 _aThe ownership, tenure and taxation of land
260 _aLondon
_bMacMillan
_c1914
350 _a0
520 _aShelf 137
942 _n0
948 _c04/03/1997
999 _c87309
_d87309